000 01737nam a2200229Ia 4500
008 260220t2004||||xx |||||||||||||| ||spa||
040 _aPY-SlUNAC
_bspa
_erda
041 _aspa
082 _a551
_bSim57sb
245 0 _aSimposio Bondenbender
264 _aSan Miguel de Tucumán :
_bINSUGEO,
_c℗2004.
300 _a1 volumen
520 _aEl "Simposio Bondenbender", publicado por INSUGEO en 2004, reúne una serie de investigaciones y ponencias que abordan temas relevantes en el campo de las ciencias geológicas y ambientales. Celebrado en San Miguel de Tucumán, este simposio propició un espacio de intercambio académico entre expertos y estudiantes, fomentando el diálogo sobre el impacto de factores geológicos en el medio ambiente y la sostenibilidad. A través de diversas contribuciones, se analizan aspectos como la geodiversidad, la geomorfología y la gestión de recursos naturales, resaltando la importancia de la investigación interdisciplinaria. Además, se discuten métodos innovadores para la conservación del patrimonio geológico y la adaptación a los cambios climáticos. Este compendio no solo documenta el avance del conocimiento en estas áreas, sino que también invita a la reflexión sobre la responsabilidad social de los geocientíficos en la creación de políticas que promuevan la protección de los ecosistemas. En conjunto, el libro representa un aporte significativo al entendimiento de la relación entre geología y desarrollo sostenible.
651 _aArgentina
653 _aGeología
653 _aSimposios
942 _b2026/02/17
_cBK
999 _c8014
_d8014